| 000 | 03382nam a22003977a 4500 | ||
|---|---|---|---|
| 008 | 090120t xxu||||| |||| 00| 0 eng d | ||
| 010 | _aB-358954 | ||
| 020 |
_a8189973436 _c50.00 |
||
| 020 |
_a9788189973438 _c50.00 |
||
| 035 | _aB-358954 | ||
| 035 | _aB-332520-530 | ||
| 037 | _bBlueberry Books | ||
| 040 |
_adpl _bEnglish |
||
| 082 | _a509.2 | ||
| 100 | _aBansal, Malti | ||
| 245 |
_aIsaac Newton / _cby Malti Bansal |
||
| 260 |
_aNew Delhi _bMind Melodies _c2008 |
||
| 270 |
_aA-18, Mohan Garden, Near Nawada Metro Station _bNew Delhi |
||
| 300 |
_a24 p. _bill. _c24cm(pbk) |
||
| 490 | _aMeet the Glorious Scientists | ||
| 942 |
_2ddc _cCH _h509.2 _mBAN |
||
| 999 |
_c21612 _d21612 |
||